New patterns for comparative religion passages to an evolutionary perspective
Guardat en:
| Autor principal: | |
|---|---|
| Format: | Llibre |
| Idioma: | anglès |
| Publicat: |
Bloomsbury Academic
|
| Etiquetes: |
Afegir etiqueta
Sense etiquetes, Sigues el primer a etiquetar aquest registre!
|
MARC
| LEADER | 00000nam a22000007a 4500 | ||
|---|---|---|---|
| 008 | 210610b ||||| |||| 00| 0 eng d | ||
| 020 | |a 9781350057890 | ||
| 100 | |a PADEN, William E. | ||
| 245 | |a New patterns for comparative religion |b passages to an evolutionary perspective |c William E. Paden |g ix, 253p | ||
| 260 | |b Bloomsbury Academic |d 2016 |h London |i 696269 |i 692210 |i 696211 |l BL41.P13 |m Religion-Methodology |m Evolution-Religious aspects | ||
| 500 | |a it includes references and index | ||
| 942 | |a lcc |c BK |e O.A.JOHNSON |f 10/06/21 | ||
| 952 | |0 0 |1 0 |2 lcc |4 0 |7 0 |9 2567 |a ART |b HOL |c AF |d 2021-06-10 |o BL41.P13 |p 2021-6418 |r 2021-06-10 00:00:00 |w 2021-06-10 |y BK | ||
| 952 | |0 0 |1 0 |2 lcc |4 0 |7 0 |9 2568 |a HOL |b HOL |c AF |d 2021-06-10 |o BL41.P13 |p 2021-6419 |r 2021-06-10 00:00:00 |w 2021-06-10 |y BK | ||
| 952 | |0 0 |1 0 |2 lcc |4 0 |7 0 |9 2569 |a HOL |b HOL |c AF |d 2021-06-10 |o BL41.P13 |p 2021-6420 |r 2021-06-10 00:00:00 |w 2021-06-10 |y BK | ||
| 999 | |c 1341 |d 1341 | ||